Tallest Cities in Washington - Statistics

General Stats
  • This quiz has been taken 22 times
  • The average score is 4 of 5
Answer Stats
Tallest Building Height Answer % Correct
Columbia Center 937 Feet/ 286 Meters Seattle
100%
Washington State Capitol 287 Feet/ 88 Meters Olympia
89%
Bank of America Financial Tower 288 Feet/ 88 Meters Spokane
83%
Sonic 600 Feet/ 183 Meters Bellevue
72%
Wells Fargo Plaza 338 Feet/ 103 Meters Tacoma
67%
No matching quizzes found
Score Distribution
Percent of People with Each Score
Percentile by Number Answered
Your Score History
You have not taken this quiz